| 000 | 00581nam a2200193Ii 4500 | ||
|---|---|---|---|
| 003 | JO-AjNU | ||
| 008 | 230605s9999||||xx |||||||||||||| ||und|| | ||
| 040 |
_aJO-AjNU _bara _erda _cJO-AjNU |
||
| 041 | _aara | ||
| 050 | 1 | 4 | _aLB3405 2000 |
| 100 | 3 |
_aالعبيدي،محمد رفيق, _eauthor _919130 |
|
| 245 | 0 | 0 | _aالتربية الصحية والصحة النفسية |
| 264 | 3 | 1 | _aد.ن |
| 300 | _a180ص | ||
| 336 |
_atext _btxt _2rdacontent |
||
| 337 |
_aunmediated _bn _2rdamedia |
||
| 338 |
_avolume _bnc _2rdacarrier |
||
| 650 | 4 |
_aالمدارس-صحة مدرسية _919131 |
|
| 999 |
_aA6250 _c9818 _d9818 |
||